[Event "ODJM B 2017"]
[Site "Willingen GER"]
[Date "2017.06.06"]
[Round "5"]
[White "Frank, Marian"]
[Black "de Veer, Mara"]
[Result "1-0"]
[Termination "normal"]
[Board "33"]
[WhiteElo "1343"]
[BlackElo "1052"]
[PlyCount "145"]
[WhiteFideId "16245059"]
[BlackFideId "16217349"]
[EventCountry "GER"]
[EventRounds "9"]
[EventType "swiss"]
[EventDate "2017.06.03"]

1. e4 c5 2. d4 cxd4 3. c3 dxc3 4. Nxc3 d6 5. Nf3 Nf6 6. Bc4 e6 7. O-O Be7 8.
Qe2 a6 9. a3 O-O 10. Rd1 b5 11. Ba2 Qc7 12. Be3 Bb7 13. Rac1 Nc6 14. Bf4 Rfd8
15. b4 Rac8 16. h3 Rd7 17. Rc2 Qd8 18. Rcd2 Nxb4 19. Nxb5 Nxa2 20. Nxd6 Bxd6
21. Rxd6 Rxd6 22. Rxd6 Qe7 23. Qxa2 Nxe4 24. Rd4 Nf6 25. Bg5 Bd5 26. Qe2 h6 27.
Rxd5 hxg5 28. Ra5 Rc1+ 29. Kh2 Qc7+ 30. Qe5 Qxe5+ 31. Nxe5 Rc2 32. Rxa6 Rxf2
33. Ra8+ Kh7 34. Nxf7 Rf5 35. a4 Kg6 36. Nh8+ Kh7 37. Nf7 Ne4 38. Nd8 Rf8 39.
Rb8 Nc5 40. a5 Na6 41. Rb6 Rxd8 42. Rxa6 Re8 43. Kg3 e5 44. Kf3 Rf8+ 45. Ke3
Rf4 46. Re6 g4 47. Rxe5 Ra4 48. hxg4 Rxg4 49. Kf3 Rg6 50. g4 Ra6 51. Kf4 Kg8
52. Rf5 g6 53. Re5 Kf7 54. g5 Kf8 55. Ke4 Kf7 56. Kd4 Ra7 57. Kc4 Rb7 58. a6
Rb6 59. Ra5 Rb8 60. a7 Ra8 61. Kc5 Ke7 62. Kc6 Kd8 63. Kb7 Rxa7+ 64. Rxa7 Ke7
65. Ra6 Kf7 66. Kc7 Kg7 67. Kd7 Kh7 68. Ke7 Kg7 69. Rf6 Kh7 70. Kf7 Kh8 71.
Kxg6 Kg8 72. Kh6 Kh8 73. Rf8# 1-0

[Event "ODJM B 2017"]
[Site "Willingen GER"]
[Date "2017.06.06"]
[Round "5"]
[White "Abou Wally, Adrian"]
[Black "Bräutigam, Alexander"]
[Result "1-0"]
[Termination "normal"]
[Board "34"]
[WhiteElo "1197"]
[BlackElo "1039"]
[PlyCount "51"]
[WhiteFideId "16245113"]
[BlackFideId "16245210"]
[EventCountry "GER"]
[EventRounds "9"]
[EventType "swiss"]
[EventDate "2017.06.03"]

1. e4 c5 2. d4 cxd4 3. c3 dxc3 4. Nxc3 d6 5. Nf3 Bg4 6. Bc4 Nc6 7. O-O e6 8.
Qe2 Nge7 9. Rd1 Qc7 10. Bf4 e5 11. Be3 g6 12. h3 Bd7 13. Rac1 Bg7 14. Nb5 Qb8
15. Nxd6+ Kf8 16. Nxf7 Ke8 17. Nxh8 Bxh8 18. Ng5 h6 19. Bf7+ Kd8 20. Be6 hxg5
21. Rxd7+ Ke8 22. Bxg5 Nc8 23. Rxc6 Nb6 24. Qf3 Bf6 25. Qxf6 Nxd7 26. Qe7# 1-0

[Event "ODJM B 2017"]
[Site "Willingen GER"]
[Date "2017.06.06"]
[Round "5"]
[White "Schotthöfer, Samira"]
[Black "Wilmink, Luca"]
[Result "0-1"]
[Termination "normal"]
[Board "35"]
[WhiteElo "1113"]
[BlackElo "968"]
[PlyCount "56"]
[WhiteFideId "16243455"]
[BlackFideId "16245253"]
[EventCountry "GER"]
[EventRounds "9"]
[EventType "swiss"]
[EventDate "2017.06.03"]

1. Nc3 c5 2. e4 Nc6 3. Bc4 g6 4. Nf3 Bg7 5. d3 e6 6. Bg5 Nge7 7. O-O O-O 8. Qd2
b6 9. Bh6 Bb7 10. h3 f5 11. exf5 Nxf5 12. Bg5 Qc7 13. Rfe1 Ncd4 14. Nxd4 Nxd4
15. Rab1 Qc6 16. f3 Rxf3 17. Re3 Rxe3 18. Bxe3 Nf5 19. Re1 d5 20. Bb5 Qd6 21.
Bg5 d4 22. Ne4 Qd5 23. Bc4 Qc6 24. Rf1 Ne3 25. Bxe3 dxe3 26. Qxe3 b5 27. Bxe6+
Kh8 28. Bg4 Bd4 0-1

[Event "ODJM B 2017"]
[Site "Willingen GER"]
[Date "2017.06.06"]
[Round "5"]
[White "Köber, Simon"]
[Black "Hoppstädter, Daniel"]
[Result "0-1"]
[Termination "normal"]
[Board "38"]
[WhiteElo "1232"]
[BlackElo "911"]
[PlyCount "110"]
[WhiteFideId "16245083"]
[BlackFideId "16243625"]
[EventCountry "GER"]
[EventRounds "9"]
[EventType "swiss"]
[EventDate "2017.06.03"]

1. e4 e6 2. d4 d5 3. exd5 exd5 4. Nc3 Bb4 5. Bd2 Bf5 6. a3 Ba5 7. Nf3 Nf6 8.
Qe2+ Be6 9. Qb5+ Nc6 10. Qxb7 Bd7 11. Qb3 Rb8 12. Qa2 O-O 13. Be2 Rb7 14. O-O
Qb8 15. b4 Bb6 16. Ba6 Nxd4 17. Nxd4 Bxd4 18. Bxb7 Ne4 19. Bxd5 Nxc3 20. Bxc3
Bxc3 21. Rad1 Qb5 22. Qc4 Qxc4 23. Bxc4 Ba4 24. Rd3 Bf6 25. c3 Bc2 26. Rg3 Re8
27. Re3 Rd8 28. Rfe1 Ba4 29. b5 Kf8 30. Rd3 Rxd3 31. Bxd3 Bxc3 32. Rc1 Be5 33.
g3 Ke7 34. Re1 Kd6 35. Rc1 h6 36. Kf1 c5 37. bxc6 Bxc6 38. Ke2 Bb2 39. Rd1 Ke7
40. Rb1 Bxa3 41. f3 a5 42. Be4 Bd7 43. Rb7 Kd8 44. Kd2 Bb4+ 45. Rxb4 axb4 46.
Kc2 Be6 47. f4 f5 48. Bc6 Kc7 49. Ba4 Kb6 50. Bb3 Bxb3+ 51. Kxb3 Kb5 52. h3 h5
53. h4 g6 54. Ka2 Kc4 55. Kb2 b3 0-1

[Event "ODJM B 2017"]
[Site "Willingen GER"]
[Date "2017.06.06"]
[Round "5"]
[White "Färber, Sophie"]
[Black "Kiefhaber, Julius"]
[Result "1/2-1/2"]
[Termination "normal"]
[Board "39"]
[WhiteElo "1093"]
[BlackElo "1187"]
[PlyCount "41"]
[WhiteFideId "16239121"]
[BlackFideId "16245121"]
[EventCountry "GER"]
[EventRounds "9"]
[EventType "swiss"]
[EventDate "2017.06.03"]

1. e4 c5 2. Nc3 d6 3. Nf3 Nc6 4. Bb5 g6 5. d4 Bd7 6. dxc5 dxc5 7. O-O Bg7 8.
Ne2 Nf6 9. Ng3 O-O 10. Bxc6 Bxc6 11. Qxd8 Rfxd8 12. Re1 Rd7 13. Bf4 b6 14. Ne5
Rd6 15. Re2 Bb5 16. c4 Ba6 17. b3 Bb7 18. Rae1 Re6 19. Nf3 h6 20. Be5 Rd8 21.
h3 1/2-1/2

[Event "ODJM B 2017"]
[Site "Willingen GER"]
[Date "2017.06.06"]
[Round "5"]
[White "Schicks, Jonathan"]
[Black "Schulz, Jonas"]
[Result "1-0"]
[Termination "normal"]
[Board "40"]
[WhiteElo "741"]
[BlackElo "1120"]
[PlyCount "71"]
[WhiteFideId "16245296"]
[BlackFideId "16245172"]
[EventCountry "GER"]
[EventRounds "9"]
[EventType "swiss"]
[EventDate "2017.06.03"]

1. e4 e5 2. Nf3 Nc6 3. Bc4 Bc5 4. Nc3 Nf6 5. d3 d6 6. Ng5 O-O 7. Nd5 Nxd5 8.
Bxd5 Bd7 9. Qh5 h6 10. h4 Qf6 11. f3 g6 12. Qxh6 Qg7 13. Bxf7+ Rxf7 14. Nxf7
Qxf7 15. h5 Be8 16. hxg6 Qxg6 17. Qh8+ Kf7 18. Rh7+ Ke6 19. Rh6 Qxh6 20. Qxh6+
Kd7 21. Bg5 Ne7 22. Qh3+ Kd8 23. Qe6 d5 24. exd5 Bd7 25. Qg8+ Be8 26. O-O-O Kd7
27. Qe6+ Kd8 28. d6 Bxd6 29. Re1 Bd7 30. Qg8+ Be8 31. Rh1 Kd7 32. Qg7 Kd8 33.
Rh7 b6 34. Bxe7+ Bxe7 35. Qxe7+ Kc8 36. Qxc7# 1-0

[Event "ODJM B 2017"]
[Site "Willingen GER"]
[Date "2017.06.06"]
[Round "5"]
[White "Claussen, Carlos"]
[Black "Ludwig, Lea"]
[Result "0-1"]
[Termination "normal"]
[Board "42"]
[WhiteElo "864"]
[BlackElo "1251"]
[PlyCount "126"]
[WhiteFideId "16245288"]
[BlackFideId "16217381"]
[EventCountry "GER"]
[EventRounds "9"]
[EventType "swiss"]
[EventDate "2017.06.03"]

1. e4 c5 2. Nf3 d6 3. Bb5+ Bd7 4. Bxd7+ Nxd7 5. Nc3 e6 6. d3 Be7 7. O-O Ngf6 8.
Bg5 O-O 9. Re1 a6 10. e5 dxe5 11. Nxe5 Nxe5 12. Rxe5 Nd7 13. Bxe7 Qxe7 14. Re1
b5 15. Qh5 Rfd8 16. Ne4 h6 17. Qg4 Nf6 18. Nxf6+ Qxf6 19. Re4 Qxb2 20. Rae1
Qxa2 21. R4e3 Qxc2 22. Rg3 g5 23. Qh5 Qd2 24. Rf1 Kg7 25. Rh3 Rh8 26. Rf3 f5
27. Re3 Rae8 28. h3 c4 29. dxc4 bxc4 30. Ra3 a5 31. Raa1 Rc8 32. Rab1 a4 33.
Rb7+ Kf6 34. Qf7+ Ke5 35. Rb5+ Kd4 36. Qa7+ Kc3 37. Qg7+ Kd3 38. Qd7+ Ke4 39.
Qxe6+ Kd3 40. Rd5+ Kc3 41. Rxd2 Kxd2 42. Qe1+ Kd3 43. Qd1+ Kc3 44. Re1 Kb4 45.
Re5 f4 46. Qc2 a3 47. Qd2+ c3 48. Qd4+ Kb3 49. Rb5+ Kc2 50. f3 a2 51. Qf2+ Kd3
52. Qxa2 Rhd8 53. Qb1+ c2 54. Rb3+ Rc3 55. Rxc3+ Kxc3 56. Qa1+ Kd2 57. Qa5+ Ke2
58. Qb5+ Rd3 59. Qe5+ Kd2 60. Qa5+ Kd1 61. Kf1 c1=Q 62. Qe1+ Kc2 63. Qxc1+ Kxc1
0-1

[Event "ODJM B 2017"]
[Site "Willingen GER"]
[Date "2017.06.06"]
[Round "5"]
[White "Costa, Martina"]
[Black "Listing, Lara Marie"]
[Result "0-1"]
[Termination "normal"]
[Board "43"]
[WhiteElo "854"]
[BlackElo "724"]
[PlyCount "92"]
[WhiteFideId "16241428"]
[BlackFideId "16245300"]
[EventCountry "GER"]
[EventRounds "9"]
[EventType "swiss"]
[EventDate "2017.06.03"]

1. e4 e5 2. Nf3 Nc6 3. Bc4 Bc5 4. d3 d6 5. Ng5 d5 6. Bxd5 Be6 7. Nc3 Bxd5 8.
exd5 Nd4 9. O-O Nf6 10. Nge4 Nxe4 11. Nxe4 Be7 12. Be3 Nf5 13. Qe2 Qxd5 14. c4
Qe6 15. Bc5 Bd8 16. Bb4 Nh4 17. Qe3 a5 18. Ba3 Qg6 19. g3 Nf5 20. Rfe1 Nxe3 21.
Rxe3 Be7 22. Rae1 Bxa3 23. bxa3 Qb6 24. c5 Qb2 25. R3e2 Qxa3 26. Re3 Qxa2 27.
Nc3 Qe6 28. Nb5 Qc6 29. Rxe5+ Kf8 30. Nd4 Qd7 31. Rc1 Qxd4 32. Re3 Re8 33. Rf3
Qb2 34. Rd1 Qe2 35. Re3 Qxd1+ 36. Kg2 Rxe3 37. fxe3 h5 38. h4 Rh6 39. d4 Rg6
40. d5 Qxd5+ 41. Kh3 Qe4 42. g4 hxg4+ 43. Kg3 Qxe3+ 44. Kg2 Rf6 45. h5 Rf2+ 46.
Kg1 Qe1# 0-1

[Event "ODJM B 2017"]
[Site "Willingen GER"]
[Date "2017.06.07"]
[Round "6"]
[White "Strohschneider, Leon"]
[Black "Leßmann, Sönke"]
[Result "0-1"]
[Termination "normal"]
[Board "1"]
[WhiteElo "1302"]
[BlackElo "1557"]
[WhiteClock "00:00:57"]
[BlackClock "00:19:46"]
[PlyCount "62"]
[WhiteFideId "16211634"]
[BlackFideId "16222520"]
[EventCountry "GER"]
[EventRounds "9"]
[EventType "swiss"]
[EventDate "2017.06.03"]

1. e4 {[%clk 1:30:57]} 1... e5 {[%clk 1:30:55]} 2. Nf3 {[%clk 1:31:13]} 2...
Nc6 {[%clk 1:31:07]} 3. Nc3 {[%clk 1:31:18]} 3... Nf6 {[%clk 1:31:14]} 4. a3 {
[%clk 1:31:19]} 4... d6 {[%clk 1:31:02]} 5. d4 {[%clk 1:31:13]} 5... Bg4 {
[%clk 1:29:57]} 6. d5 {[%clk 1:30:41]} 6... Nd4 {[%clk 1:29:46]} 7. Be2 { [%clk
1:29:48]} 7... Nxe2 {[%clk 1:26:42]} 8. Qxe2 {[%clk 1:29:56]} 8... a6 { [%clk
1:26:42]} 9. h3 {[%clk 1:29:14]} 9... Bh5 {[%clk 1:26:34]} 10. O-O { [%clk
1:25:46]} 10... Be7 {[%clk 1:20:16]} 11. Qd3 {[%clk 1:23:47]} 11... Qd7 { [%clk
1:15:40]} 12. Re1 {[%clk 1:06:33]} 12... Bg6 {[%clk 1:09:36]} 13. Nh4 { [%clk
1:00:51]} 13... Nh5 {[%clk 1:03:21]} 14. Nf5 {[%clk 1:00:24]} 14... Bxf5 {[%clk
1:03:18]} 15. exf5 {[%clk 0:54:59]} 15... g6 {[%clk 1:03:18]} 16. fxg6 { [%clk
0:50:07]} 16... hxg6 {[%clk 0:59:05]} 17. Ne4 {[%clk 0:50:07]} 17... O-O-O
{[%clk 0:54:13]} 18. a4 {[%clk 0:45:32]} 18... Rdg8 {[%clk 0:53:21]} 19. b4
{[%clk 0:28:52]} 19... g5 {[%clk 0:51:55]} 20. b5 20... a5 {[%clk 0:50:17]} 21.
b6 {[%clk 0:20:16]} 21... Nf4 22. Qc3 {[%clk 0:10:53]} 22... Nxd5 { [%clk
0:41:04]} 23. Qxa5 Nxb6 24. Be3 {[%clk 0:10:39]} 24... Qc6 { [%clk 0:35:17]}
25. Ng3 {[%clk 0:08:56]} 25... Nc4 {[%clk 0:32:38]} 26. Qc3 { [%clk 0:07:18]}
26... g4 {[%clk 0:30:57]} 27. hxg4 {[%clk 0:06:38]} 27... Rxg4 {[%clk 0:30:36]}
28. Qd3 {[%clk 0:06:41]} 28... e4 {[%clk 0:23:58]} 29. Qd4 { [%clk 0:05:11]}
29... Rhg8 {[%clk 0:23:09]} 30. Bc1 {[%clk 0:02:24]} 30... d5 { [%clk 0:20:04]}
31. Qa7 {[%clk 0:00:57]} 31... Bc5 {[%clk 0:19:46]} 0-1

[Event "ODJM B 2017"]
[Site "Willingen GER"]
[Date "2017.06.07"]
[Round "6"]
[White "Reyher, Susan"]
[Black "Cheredzhiyska, Iva"]
[Result "1/2-1/2"]
[Termination "normal"]
[Board "2"]
[WhiteElo "1715"]
[BlackElo "1091"]
[WhiteClock "00:28:37"]
[BlackClock "00:26:15"]
[PlyCount "89"]
[WhiteFideId "24686107"]
[BlackFideId "16241622"]
[EventCountry "GER"]
[EventRounds "9"]
[EventType "swiss"]
[EventDate "2017.06.03"]

1. e4 {[%clk 1:30:54]} 1... e5 {[%clk 1:30:55]} 2. Bc4 {[%clk 1:31:01]} 2...
Nc6 {[%clk 1:30:56]} 3. Nc3 {[%clk 1:31:08]} 3... Nf6 {[%clk 1:30:51]} 4. d3 {
[%clk 1:28:14]} 4... d6 {[%clk 1:29:48]} 5. Be3 {[%clk 1:27:52]} 5... Be6 {
[%clk 1:29:18]} 6. Bb3 {[%clk 1:28:09]} 6... d5 {[%clk 1:27:27]} 7. Bg5 { [%clk
1:27:17]} 7... Ne7 {[%clk 1:24:34]} 8. Bxf6 {[%clk 1:25:56]} 8... gxf6 { [%clk
1:24:29]} 9. Qf3 {[%clk 1:26:08]} 9... d4 {[%clk 1:23:15]} 10. Nce2 { [%clk
1:23:48]} 10... Bxb3 {[%clk 1:22:23]} 11. axb3 {[%clk 1:24:04]} 11... Nc6
{[%clk 1:22:16]} 12. Ng3 {[%clk 1:23:26]} 12... Bb4+ {[%clk 1:21:42]} 13. Kd1 {
[%clk 1:23:27]} 13... Be7 {[%clk 1:16:40]} 14. Nh5 {[%clk 1:21:22]} 14... Rg8 {
[%clk 1:12:33]} 15. Ne2 {[%clk 1:20:32]} 15... Rg6 {[%clk 1:09:19]} 16. Neg3 {
[%clk 1:20:09]} 16... Qd7 {[%clk 1:08:40]} 17. Nf5 {[%clk 1:17:57]} 17... O-O-O
{[%clk 1:07:40]} 18. Nh4 {[%clk 1:17:09]} 18... Rgg8 {[%clk 1:02:53]} 19. Nxf6
{[%clk 1:14:04]} 19... Bxf6 {[%clk 1:01:11]} 20. Qxf6 {[%clk 1:14:25]} 20...
Rde8 {[%clk 0:56:04]} 21. g3 {[%clk 1:13:40]} 21... Re6 {[%clk 0:55:47]} 22.
Qf3 {[%clk 1:07:26]} 22... a6 {[%clk 0:54:36]} 23. Qe2 {[%clk 1:00:52]} 23...
Ne7 {[%clk 0:50:14]} 24. Qh5 {[%clk 0:58:02]} 24... Rg7 {[%clk 0:49:07]} 25.
Rf1 {[%clk 0:56:43]} 25... Qd6 {[%clk 0:47:32]} 26. f4 {[%clk 0:53:30]} 26...
exf4 {[%clk 0:42:59]} 27. Rxf4 {[%clk 0:53:27]} 27... Re5 {[%clk 0:42:23]} 28.
Qf3 {[%clk 0:53:07]} 28... Qe6 {[%clk 0:42:30]} 29. Qf2 {[%clk 0:47:11]} 29...
Nc6 {[%clk 0:40:24]} 30. Nf5 {[%clk 0:47:17]} 30... Rg5 {[%clk 0:38:17]} 31.
Nxd4 {[%clk 0:46:26]} 31... Nxd4 {[%clk 0:38:43]} 32. Qxd4 {[%clk 0:46:46]}
32... Qh3 {[%clk 0:37:05]} 33. Rh4 {[%clk 0:41:41]} 33... Qf1+ {[%clk 0:36:15]}
34. Kd2 {[%clk 0:42:04]} 34... Qxa1 {[%clk 0:35:45]} 35. Rxh7 {[%clk 0:42:22]}
35... b6 {[%clk 0:34:56]} 36. Rxf7 {[%clk 0:41:24]} 36... Qa5+ {[%clk 0:33:51]}
37. b4 {[%clk 0:37:28]} 37... Qb5 {[%clk 0:33:32]} 38. c4 {[%clk 0:34:10]}
38... Qxb4+ {[%clk 0:29:12]} 39. Kc2 {[%clk 0:31:02]} 39... Qa4+ { [%clk
0:29:08]} 40. b3 {[%clk 0:31:26]} 40... Qe8 {[%clk 0:28:13]} 41. Rh7 { [%clk
0:30:52]} 41... Re7 {[%clk 0:27:33]} 42. Rh8 {[%clk 0:29:48]} 42... Rg8 { [%clk
0:27:34]} 43. Qd5 {[%clk 0:29:09]} 43... Rxh8 {[%clk 0:27:03]} 44. Qa8+ { [%clk
0:28:09]} 44... Kd7 {[%clk 0:26:15]} 45. Qd5+ {[%clk 0:28:37]} 1/2-1/2

[Event "ODJM B 2017"]
[Site "Willingen GER"]
[Date "2017.06.07"]
[Round "6"]
[White "Frank, Carolin"]
[Black "Grone, Lion"]
[Result "0-1"]
[Termination "normal"]
[Board "4"]
[WhiteElo "1487"]
[BlackElo "1545"]
[WhiteClock "00:25:10"]
[BlackClock "00:48:50"]
[PlyCount "106"]
[WhiteFideId "16207190"]
[BlackFideId "16245032"]
[EventCountry "GER"]
[EventRounds "9"]
[EventType "swiss"]
[EventDate "2017.06.03"]

1. Nf3 {[%clk 1:30:58]} 1... e6 {[%clk 1:30:51]} 2. g3 {[%clk 1:31:20]} 2... d5
{[%clk 1:31:00]} 3. d4 {[%clk 1:31:12]} 3... c5 {[%clk 1:31:16]} 4. Bg2 { [%clk
1:31:34]} 4... Nc6 {[%clk 1:31:00]} 5. c4 {[%clk 1:31:58]} 5... dxc4 { [%clk
1:29:09]} 6. dxc5 {[%clk 1:32:10]} 6... Qxd1+ {[%clk 1:29:02]} 7. Kxd1 { [%clk
1:32:34]} 7... Bxc5 {[%clk 1:29:13]} 8. e3 {[%clk 1:25:01]} 8... Nge7 { [%clk
1:27:55]} 9. Nbd2 {[%clk 1:22:47]} 9... O-O {[%clk 1:20:14]} 10. Nxc4 { [%clk
1:22:30]} 10... b5 {[%clk 1:18:55]} 11. Nce5 {[%clk 1:16:02]} 11... Nxe5 {[%clk
1:18:42]} 12. Nxe5 {[%clk 1:16:23]} 12... Rb8 {[%clk 1:18:25]} 13. Ke2 { [%clk
0:59:08]} 13... Rd8 {[%clk 1:14:28]} 14. Bd2 {[%clk 0:54:18]} 14... Bb7 { [%clk
1:12:08]} 15. e4 {[%clk 0:46:39]} 15... f6 {[%clk 1:07:21]} 16. Nd3 { [%clk
0:44:53]} 16... Bb6 {[%clk 1:06:33]} 17. Be3 {[%clk 0:37:21]} 17... Bxe3 {[%clk
1:02:36]} 18. Kxe3 {[%clk 0:37:42]} 18... Rbc8 {[%clk 0:47:42]} 19. Rac1 {[%clk
0:33:57]} 19... e5 {[%clk 0:45:42]} 20. Bh3 {[%clk 0:30:35]} 20... Rxc1 {[%clk
0:36:45]} 21. Rxc1 {[%clk 0:30:57]} 21... Bc8 {[%clk 0:36:54]} 22. Bxc8 {[%clk
0:30:20]} 22... Rxc8 {[%clk 0:36:49]} 23. Rxc8+ {[%clk 0:25:19]} 23... Nxc8
{[%clk 0:34:00]} 24. Nb4 {[%clk 0:23:36]} 24... Ne7 {[%clk 0:33:50]} 25. Kd3
{[%clk 0:22:29]} 25... Kf7 {[%clk 0:33:27]} 26. Kc3 {[%clk 0:17:49]} 26... Ke6
{[%clk 0:32:57]} 27. Nd3 {[%clk 0:17:53]} 27... Nc6 {[%clk 0:30:51]} 28. Nc5+
{[%clk 0:16:51]} 28... Kd6 {[%clk 0:30:12]} 29. Nd3 {[%clk 0:16:29]} 29... a5
{[%clk 0:27:09]} 30. b3 {[%clk 0:11:41]} 30... Nd4 {[%clk 0:25:29]} 31. Kb2
{[%clk 0:08:10]} 31... Nf3 {[%clk 0:24:24]} 32. h4 {[%clk 0:07:37]} 32... Nd2 {
[%clk 0:24:43]} 33. Kc1 {[%clk 0:05:47]} 33... Nxe4 {[%clk 0:24:40]} 34. Kc2 {
[%clk 0:04:53]} 34... Kd5 {[%clk 0:24:16]} 35. a3 {[%clk 0:04:16]} 35... Nc5 {
[%clk 0:23:22]} 36. f3 {[%clk 0:03:54]} 36... Nxd3 {[%clk 0:22:52]} 37. Kxd3 {
[%clk 0:04:23]} 37... a4 {[%clk 0:23:05]} 38. bxa4 {[%clk 0:03:41]} 38... bxa4
{[%clk 0:23:29]} 39. g4 {[%clk 0:03:42]} 39... g6 {[%clk 0:23:37]} 40. Kc3 {
[%clk 0:01:58]} 40... Kc5 {[%clk 0:19:34]} 41. Kd3 {[%clk 0:00:39]} 41... f5 {
[%clk 0:17:47]} 42. h5 {[%clk 0:23:54]} 42... fxg4 {[%clk 0:46:43]} 43. fxg4 {
[%clk 0:24:08]} 43... gxh5 {[%clk 0:46:53]} 44. gxh5 {[%clk 0:24:29]} 44... Kd5
{[%clk 0:46:50]} 45. Ke3 {[%clk 0:24:26]} 45... e4 {[%clk 0:46:56]} 46. Ke2 {
[%clk 0:23:35]} 46... Kd4 {[%clk 0:46:58]} 47. Ke1 {[%clk 0:23:47]} 47... Ke3 {
[%clk 0:47:00]} 48. h6 {[%clk 0:24:01]} 48... Kd3 {[%clk 0:47:13]} 49. Kd1 {
[%clk 0:23:42]} 49... e3 {[%clk 0:47:34]} 50. Ke1 {[%clk 0:24:04]} 50... Kc3 {
[%clk 0:47:55]} 51. Ke2 {[%clk 0:24:28]} 51... Kb3 {[%clk 0:48:13]} 52. Kxe3 {
[%clk 0:24:55]} 52... Kxa3 {[%clk 0:48:29]} 53. Kd2 {[%clk 0:25:10]} 53... Kb2
{[%clk 0:48:50]} 0-1

[Event "ODJM B 2017"]
[Site "Willingen GER"]
[Date "2017.06.07"]
[Round "6"]
[White "Rautenberg, Jakob"]
[Black "Seliokaite, Ana"]
[Result "1-0"]
[Termination "normal"]
[Board "5"]
[WhiteElo "1695"]
[BlackElo "1283"]
[WhiteClock "01:23:41"]
[BlackClock "01:27:43"]
[PlyCount "25"]
[WhiteFideId "16214749"]
[BlackFideId "16224817"]
[EventCountry "GER"]
[EventRounds "9"]
[EventType "swiss"]
[EventDate "2017.06.03"]

1. e4 {[%clk 1:30:57]} 1... c5 {[%clk 1:30:56]} 2. Nf3 {[%clk 1:30:41]} 2... g6
3. d4 {[%clk 1:30:56]} 3... cxd4 {[%clk 1:31:42]} 4. Nxd4 {[%clk 1:31:22]} 4...
Bg7 {[%clk 1:32:05]} 5. c4 {[%clk 1:31:34]} 5... Nc6 {[%clk 1:32:27]} 6. Be3 {
[%clk 1:31:55]} 6... Nf6 {[%clk 1:32:46]} 7. Nc3 {[%clk 1:32:19]} 7... Ng4 {
[%clk 1:33:06]} 8. Qxg4 {[%clk 1:31:14]} 8... Nxd4 {[%clk 1:33:25]} 9. Qd1 {
[%clk 1:31:25]} 9... e5 {[%clk 1:33:47]} 10. Be2 {[%clk 1:29:17]} 10... Qh4 {
[%clk 1:32:36]} 11. Qd2 {[%clk 1:25:25]} 11... O-O {[%clk 1:31:05]} 12. Bg5 {
[%clk 1:25:09]} 12... Nc2+ {[%clk 1:27:43]} 13. Kf1 {[%clk 1:23:41]} 1-0

[Event "ODJM B 2017"]
[Site "Willingen GER"]
[Date "2017.06.07"]
[Round "6"]
[White "Ebeling, Gereon"]
[Black "Neppert, Paul"]
[Result "1/2-1/2"]
[Termination "normal"]
[Board "6"]
[WhiteElo "1358"]
[BlackElo "1598"]
[WhiteClock "00:28:22"]
[BlackClock "00:22:24"]
[PlyCount "49"]
[WhiteFideId "16223160"]
[BlackFideId "16219414"]
[EventCountry "GER"]
[EventRounds "9"]
[EventType "swiss"]
[EventDate "2017.06.03"]

1. e4 {[%clk 1:30:57]} 1... e5 {[%clk 1:30:54]} 2. Nf3 {[%clk 1:31:22]} 2...
Nc6 {[%clk 1:31:19]} 3. c3 {[%clk 1:31:48]} 3... Nf6 {[%clk 1:31:35]} 4. d4 {
[%clk 1:32:13]} 4... exd4 {[%clk 1:31:33]} 5. e5 {[%clk 1:32:34]} 5... Ne4 {
[%clk 1:31:23]} 6. Qe2 {[%clk 1:32:31]} 6... f5 {[%clk 1:31:13]} 7. exf6 {
[%clk 1:31:26]} 7... d5 {[%clk 1:30:49]} 8. Nxd4 {[%clk 1:21:47]} 8... Nxd4 {
[%clk 1:29:29]} 9. cxd4 {[%clk 1:22:07]} 9... Bb4+ {[%clk 1:29:14]} 10. Bd2 {
[%clk 1:20:09]} 10... Bxd2+ {[%clk 1:28:53]} 11. Nxd2 {[%clk 1:20:32]} 11...
O-O {[%clk 1:28:20]} 12. Nxe4 {[%clk 1:08:11]} 12... Re8 {[%clk 1:24:53]} 13.
O-O-O {[%clk 1:06:10]} 13... Rxe4 {[%clk 1:21:03]} 14. Qf3 {[%clk 0:58:35]}
14... Bg4 {[%clk 1:01:32]} 15. f7+ {[%clk 0:58:28]} 15... Kf8 {[%clk 1:01:38]}
16. Qa3+ {[%clk 0:58:43]} 16... Re7 {[%clk 0:59:19]} 17. Re1 {[%clk 0:50:43]}
17... Kxf7 {[%clk 0:46:54]} 18. Rxe7+ {[%clk 0:46:48]} 18... Qxe7 { [%clk
0:47:07]} 19. Qxe7+ {[%clk 0:44:17]} 19... Kxe7 {[%clk 0:47:35]} 20. Bd3 {[%clk
0:44:13]} 20... g6 {[%clk 0:47:09]} 21. Re1+ {[%clk 0:42:49]} 21... Kf7 {[%clk
0:47:06]} 22. f3 {[%clk 0:41:49]} 22... Bd7 {[%clk 0:45:00]} 23. h4 { [%clk
0:37:51]} 23... Rg8 {[%clk 0:32:50]} 24. Rh1 {[%clk 0:32:05]} 24... Bf5 { [%clk
0:22:24]} 25. Kd2 {[%clk 0:28:22]} 1/2-1/2

[Event "ODJM B 2017"]
[Site "Willingen GER"]
[Date "2017.06.07"]
[Round "6"]
[White "Schulter, Moritz"]
[Black "Schulze, Lukas"]
[Result "1-0"]
[Termination "normal"]
[Board "7"]
[WhiteElo "1324"]
[BlackElo "1408"]
[PlyCount "93"]
[WhiteFideId "16245067"]
[BlackFideId "12956856"]
[EventCountry "GER"]
[EventRounds "9"]
[EventType "swiss"]
[EventDate "2017.06.03"]

1. e4 c6 2. d4 d5 3. e5 Bf5 4. Nf3 e6 5. Be2 Nd7 6. O-O a6 7. Nbd2 c5 8. c4 Ne7
9. Nb3 dxc4 10. Bxc4 Nb6 11. Be2 cxd4 12. Qxd4 Qc7 13. Bd2 Rd8 14. Qc3 Qxc3 15.
Bxc3 Na4 16. Bd2 Nxb2 17. Nbd4 Bd3 18. Bxd3 Nxd3 19. Rfb1 b5 20. Ba5 Rd5 21.
Rd1 Nxe5 22. Nxe5 Rxe5 23. Nxb5 Nd5 24. Nc7+ Nxc7 25. Bxc7 Rc5 26. Rac1 Rxc1
27. Rxc1 Ba3 28. Rc3 Bb2 29. Rb3 Bd4 30. Rb8+ Kd7 31. Rxh8 Kxc7 32. Rxh7 Bb2
33. Rh3 Kc6 34. Rb3 Bd4 35. Kf1 a5 36. Ke2 Kc5 37. f3 a4 38. Rb7 f5 39. Kd3 Be5
40. h3 a3 41. g4 Kc6 42. Rb3 Bb2 43. Ke3 Kc5 44. gxf5 exf5 45. Kf4 g6 46. Kg5
Bc1+ 47. Kxg6 1-0

[Event "ODJM B 2017"]
[Site "Willingen GER"]
[Date "2017.06.07"]
[Round "6"]
[White "Roth, Ludwig"]
[Black "Thorz, Maximilian"]
[Result "0-1"]
[Termination "normal"]
[Board "8"]
[WhiteElo "1425"]
[BlackElo "1596"]
[PlyCount "64"]
[WhiteFideId "12952621"]
[BlackFideId "16220668"]
[EventCountry "GER"]
[EventRounds "9"]
[EventType "swiss"]
[EventDate "2017.06.03"]

1. e4 c5 2. Nf3 d6 3. d4 cxd4 4. Nxd4 Nf6 5. Nc3 a6 6. f3 e5 7. Nb3 Be6 8. Be3
Be7 9. Qd2 O-O 10. O-O-O Nbd7 11. g4 b5 12. h4 b4 13. Nd5 Bxd5 14. exd5 a5 15.
Na1 Nb6 16. Bxb6 Qxb6 17. h5 h6 18. g5 Nh7 19. f4 Nxg5 20. Kb1 Ne4 21. Qg2 Nc3+
22. bxc3 bxc3+ 23. Nb3 a4 24. Rg1 Bf6 25. fxe5 dxe5 26. Bc4 Qb4 27. Qf3 Bg5 28.
Qd3 axb3 29. Bxb3 Rfc8 30. Ka1 Rxa2+ 31. Kxa2 Ra8+ 32. Kb1 Ra1+ 0-1